000 00553nam a22001817a 4500
005 20240129135536.0
008 240129b |||||||| |||| 00| 0 eng d
020 _a9780702179556
041 _aEnglish
082 _a344.1 LAB
100 _aBrand, J et al.
_lEnglish
245 _aLabour Dispute Resolution /
_cJ Brand et al.
250 _aSecond Edition
260 _aCape Town :
_bJuta and Company Ltd,
_c2008
300 _bxxviii, 295 pages ;
_c25,5 cm.
650 _aLegal practice
_bLaw
942 _cBK
_6ALISON_BN_VRIES
999 _c1292
_d1292